[Event "LEM Nachwuchs M-V u18 vom 08.-11.07.202"]
[Site "MaJuWi Greifswald/Wieck"]
[Date "2021.07.09"]
[Round "2.4"]
[White "Herrmann, Jakob"]
[Black "Quiram, Arne"]
[Result "0-1"]
[WhiteElo "1533"]
[BlackElo "1643"]
[PlyCount "48"]
[EventDate "2021.??.??"]
[WhiteTeam "SAV Torgelow"]
[BlackTeam "ESV Waren"]

1. e4 c5 2. Nc3 Nc6 3. Nge2 e6 4. d4 cxd4 5. Nxd4 a6 6. Be3 Nf6 7. g3 Be7 8.
Bg2 O-O 9. g4 Nxd4 10. Bxd4 h6 11. h4 Qa5 12. Qe2 e5 13. Be3 d5 14. exd5 Bxg4
15. Bf3 Bb4 16. Bd2 Bxf3 17. Qxf3 Bxc3 18. Bxc3 Qxd5 19. Qxd5 Nxd5 20. Bxe5
Rfe8 21. f4 Nxf4 22. O-O Ne2+ 23. Kf2 Rxe5 24. Rae1 Rae8 0-1

[Event "LEM Nachwuchs M-V u18 vom 08.-11.07.202"]
[Site "MaJuWi Greifswald/Wieck"]
[Date "2021.07.09"]
[Round "2.5"]
[White "Neubert, Conrad"]
[Black "Schwenck, Fabian"]
[Result "0-1"]
[WhiteElo "1649"]
[BlackElo "1683"]
[PlyCount "102"]
[EventDate "2021.??.??"]
[WhiteTeam "SF Schwerin"]
[BlackTeam "SG Güstrow"]

1. d4 Nf6 2. Nf3 g6 3. Nbd2 Bg7 4. e4 d6 5. Bd3 O-O 6. O-O c5 7. c3 Qb6 8. Nc4
Qc7 9. Bf4 Nh5 10. Be3 Nd7 11. Rc1 b6 12. b4 Bb7 13. Nh4 e6 14. f4 Nhf6 15. Nd2
Rad8 16. g4 c4 17. Bc2 d5 18. e5 Ne4 19. Nxe4 dxe4 20. f5 Qc6 21. f6 Bxf6 22.
exf6 Kh8 23. Bh6 g5 24. Bxf8 Rxf8 25. Ng2 Nxf6 26. Ne3 Nd5 27. Nxd5 Qxd5 28.
Kf2 f5 29. Ke1 f4 30. Qe2 Rf6 31. Qxe4 Qxe4+ 32. Bxe4 Bxe4 33. Kf2 Rh6 34. Kg1
Rh4 35. Rf2 Rxg4+ 36. Kf1 Bd3+ 37. Ke1 Rg1+ 38. Kd2 Rxc1 39. Kxc1 Kg7 40. a4
Kf6 41. b5 Kf5 42. a5 h5 43. axb6 axb6 44. Ra2 Ke4 45. Kd2 g4 46. Ra6 Kf3 47.
Rxb6 h4 48. Rxe6 g3 49. hxg3 hxg3 50. b6 g2 51. Rg6 Bxg6 0-1

[Event "LEM Nachwuchs M-V u18 vom 08.-11.07.202"]
[Site "MaJuWi Greifswald/Wieck"]
[Date "2021.07.09"]
[Round "2.6"]
[White "Warda, Michelangelo"]
[Black "Trams, Emma Joe"]
[Result "0-1"]
[WhiteElo "1242"]
[BlackElo "1466"]
[PlyCount "103"]
[EventDate "2021.??.??"]
[WhiteTeam "SF Schwerin"]
[BlackTeam "SG Jasmund"]

1. c4 e5 2. Nc3 Nf6 3. e3 Nc6 4. Nf3 Bb4 5. Qc2 O-O 6. Be2 d5 7. cxd5 Nxd5 8.
O-O Bg4 9. Nxd5 Qxd5 10. Ng5 e4 11. Bxg4 Qxg5 12. Bh3 Qe7 13. b3 Rad8 14. a3
Bd6 15. Bb2 Be5 16. Rad1 Qd6 17. Bxe5 Qxe5 18. d4 exd3 19. Rxd3 Rxd3 20. Qxd3
Rd8 21. Qc2 Qd6 22. f3 Qxa3 23. Bf5 h6 24. Be4 Qe7 25. Kf2 Nb4 26. Qc3 c6 27.
Ke2 Nd5 28. Qa5 b6 29. Qa1 Qg5 30. Qc1 Qxg2+ 31. Rf2 Qg5 32. Bxd5 Qxd5 33. Qc2
c5 34. Rf1 a5 35. Rd1 Qxd1+ 36. Qxd1 Rxd1 37. Kxd1 Kf8 38. Kc2 Ke7 39. Kc3 b5
40. Kd3 Ke6 41. Ke4 a4 42. bxa4 bxa4 43. Kd3 Kd5 44. Kc3 a3 45. Kb3 a2 46. Kxa2
Kc4 47. Kb2 Kd3 48. e4 Ke3 49. Kc3 Kxf3 50. e5 Ke4 51. Kc4 Kxe5 52. Kxc5 0-1

[Event "LEM Nachwuchs M-V u18 vom 08.-11.07.202"]
[Site "MaJuWi Greifswald/Wieck"]
[Date "2021.07.09"]
[Round "2.7"]
[White "Camen, Lisette"]
[Black "Engel, Roland"]
[Result "1-0"]
[WhiteElo "1472"]
[BlackElo "1083"]
[PlyCount "99"]
[EventDate "2021.??.??"]
[WhiteTeam "Lok Pritzwalk"]
[BlackTeam "SSC Rostock"]

1. d4 d5 2. Bf4 Bf5 3. Nc3 Nf6 4. Nb5 Na6 5. e3 c6 6. Nc3 e6 7. Nf3 Bd6 8. Bg3
O-O 9. Qd2 c5 10. Nb5 Ne4 11. Qc1 Bxg3 12. hxg3 cxd4 13. Nfxd4 Bg6 14. Na3 Rc8
15. c3 Nac5 16. Be2 Qb6 17. O-O Na4 18. Nb3 Qd6 19. Nb5 Qb6 20. N5d4 Nac5 21.
Nxc5 Nxc5 22. f3 Bd3 23. Rf2 Bxe2 24. Rxe2 Nd3 25. Qd2 Ne5 26. b3 Qc7 27. Rc1
Ng6 28. f4 Rfe8 29. Nf3 Ne7 30. e4 dxe4 31. Rxe4 Red8 32. Rd4 Nf5 33. Rxd8+
Qxd8 34. Rd1 Qxd2 35. Rxd2 Nxg3 36. Rd7 Ne2+ 37. Kh2 Nxc3 38. Rxb7 Nxa2 39.
Rxa7 Nb4 40. Ng5 f6 41. Nxe6 Rc3 42. Rxg7+ Kh8 43. Rb7 h6 44. Rxb4 Rc2 45. f5
Kh7 46. Rb7+ Kg8 47. b4 Rf2 48. Ng7 Rf4 49. Kh3 Kf8 50. Ne6+ 1-0

[Event "LEM Nachwuchs M-V u18 vom 08.-11.07.202"]
[Site "MaJuWi Greifswald/Wieck"]
[Date "2021.07.09"]
[Round "3.1"]
[White "Troyke, Jannis"]
[Black "Fromm, Marius"]
[Result "0-1"]
[WhiteElo "1911"]
[BlackElo "2297"]
[Annotator "janni"]
[PlyCount "80"]
[EventDate "2021.??.??"]
[WhiteTeam "Greifswalder SV"]
[BlackTeam "Greifswalder SV"]

1. e4 e5 2. Nf3 Nc6 3. Bb5 a6 4. Ba4 b5 5. Bb3 Na5 6. c3 Nxb3 7. axb3 d6 8. O-O
Bb7 9. d3 Nf6 10. b4 Be7 11. Nbd2 O-O 12. Re1 Nd7 13. Qc2 g6 14. Nb3 Rb8 15.
Bh6 Re8 16. d4 c6 17. Na5 Ba8 18. dxe5 dxe5 19. Nb3 Bb7 20. Be3 Qc7 21. Red1 c5
22. bxc5 Nxc5 23. Nxc5 Bxc5 24. Bxc5 Qxc5 25. Rd7 Bc6 26. Rd2 Qb6 27. b4 Qb7
28. Re2 Bd7 29. Ne1 Bg4 30. f3 Qb6+ 31. Kh1 Be6 32. Rd2 Bc4 33. Nd3 Ra8 34. Nc5
Rec8 35. Qd1 a5 36. Nd7 Qc7 37. bxa5 Rxa5 38. Rxa5 Qxa5 39. Nxe5 Qxc3 40. Nd7
Ra8 0-1

[Event "LEM Nachwuchs M-V u18 vom 08.-11.07.202"]
[Site "MaJuWi Greifswald/Wieck"]
[Date "2021.07.09"]
[Round "3.2"]
[White "Gazizov, Max"]
[Black "Kallweit, Paul"]
[Result "0-1"]
[WhiteElo "1689"]
[BlackElo "1878"]
[PlyCount "52"]
[EventDate "2021.??.??"]
[WhiteTeam "Think Rochade"]
[BlackTeam "SSC Rostock 07"]

1. d4 d5 2. c4 e6 3. cxd5 exd5 4. Nc3 Nf6 5. Bg5 Be7 6. e3 O-O 7. Bd3 Re8 8.
Nge2 h6 9. Bf4 a6 10. O-O b6 11. Rc1 Bd6 12. Bxd6 Qxd6 13. Nf4 Bb7 14. Re1 Nc6
15. Bb1 Rad8 16. a3 Na5 17. Qc2 c5 18. dxc5 bxc5 19. Na4 c4 20. Ne2 Nb3 21.
Rcd1 Qc6 22. Rd4 Qxa4 23. Rf4 Nc5 24. b3 Qxb3 25. Qf5 Nd3 26. Nd4 Qc3 0-1

[Event "LEM Nachwuchs M-V u18 vom 08.-11.07.202"]
[Site "MaJuWi Greifswald/Wieck"]
[Date "2021.07.09"]
[Round "3.3"]
[White "Quiram, Arne"]
[Black "Johlke, Lukas"]
[Result "0-1"]
[WhiteElo "1643"]
[BlackElo "1608"]
[PlyCount "62"]
[EventDate "2021.??.??"]
[WhiteTeam "ESV Waren"]
[BlackTeam "SG Jasmund"]

1. e4 e5 2. Nc3 Nc6 3. f4 exf4 4. Nf3 Bb4 5. d4 d6 6. Bxf4 Bg4 7. Be2 Nf6 8.
Qd3 O-O 9. d5 Bxf3 10. Bxf3 Ne5 11. Bxe5 dxe5 12. O-O-O Qe7 13. Ne2 Rfd8 14.
Ng3 g6 15. h4 c6 16. a3 Ba5 17. Nf1 cxd5 18. exd5 e4 19. Qe3 Bb6 20. Qe2 Qe5
21. Nd2 Qf4 22. Bxe4 Re8 23. Rdf1 Rxe4 24. Rxf4 Rxe2 25. Rxf6 Be3 26. Rd1 Rxg2
27. Rf3 Re2 28. c4 Rc8 29. b3 b5 30. d6 bxc4 31. d7 Rd8 0-1

[Event "LEM Nachwuchs M-V u18 vom 08.-11.07.202"]
[Site "MaJuWi Greifswald/Wieck"]
[Date "2021.07.09"]
[Round "3.4"]
[White "Johlke, Lorenz"]
[Black "Camen, Lisette"]
[Result "1-0"]
[WhiteElo "1673"]
[BlackElo "1472"]
[PlyCount "65"]
[EventDate "2021.??.??"]
[WhiteTeam "SG Jasmund"]
[BlackTeam "Lok Pritzwalk"]

1. e4 c5 2. f4 d6 3. Nf3 Nc6 4. Bb5 Bd7 5. O-O g6 6. Nc3 Bg7 7. d3 Nf6 8. Qe1
O-O 9. Bxc6 Bxc6 10. f5 d5 11. e5 Ng4 12. h3 Nh6 13. Bxh6 Bxh6 14. Qh4 Be3+ 15.
Kh1 e6 16. f6 d4 17. Ng5 Bxg5 18. Qxg5 dxc3 19. Qh6 Bxg2+ 20. Kxg2 Qd5+ 21. Kh2
Qxe5+ 22. Kh1 Qd5+ 23. Kg1 Qd4+ 24. Rf2 Qxf6 25. Rxf6 cxb2 26. Rb1 Rad8 27.
Rxb2 b6 28. a4 Rd6 29. a5 Rb8 30. Qf4 Rbd8 31. Rxf7 e5 32. Qf2 bxa5 33. Rbb7
1-0

[Event "LEM Nachwuchs M-V u18 vom 08.-11.07.202"]
[Site "MaJuWi Greifswald/Wieck"]
[Date "2021.07.09"]
[Round "3.5"]
[White "Trams, Emma Joe"]
[Black "Herrmann, Jakob"]
[Result "1/2-1/2"]
[WhiteElo "1466"]
[BlackElo "1533"]
[PlyCount "87"]
[EventDate "2021.??.??"]
[WhiteTeam "SG Jasmund"]
[BlackTeam "SAV Torgelow"]

1. e4 c5 2. Nf3 d6 3. Bb5+ Nd7 4. O-O a6 5. Be2 Ngf6 6. d3 g6 7. c3 Bg7 8. Bg5
O-O 9. Nbd2 b5 10. Rb1 Bb7 11. Re1 h6 12. Bh4 Qb6 13. c4 b4 14. b3 a5 15. Qc2
Bc6 16. h3 a4 17. Bg3 Nh5 18. Bh2 Ra6 19. Bf1 Qa7 20. e5 Ra8 21. e6 Nf8 22.
exf7+ Kxf7 23. Ne4 axb3 24. axb3 Ra2 25. Qd1 Ra1 26. Rxa1 Qxa1 27. Qe2 Qb2 28.
Ned2 Bf6 29. Qe3 g5 30. Ne4 Bxe4 31. dxe4 Qc3 32. e5 Qxe3 33. Rxe3 dxe5 34.
Nxe5+ Ke8 35. g4 Nf4 36. Nd3 N8e6 37. Nxf4 Nxf4 38. Bxf4 gxf4 39. Rf3 e5 40.
Bd3 Ra1+ 41. Kg2 Ke7 42. Bf5 Rd1 43. Rd3 Rxd3 44. Bxd3 1/2-1/2

[Event "LEM Nachwuchs M-V u18 vom 08.-11.07.202"]
[Site "MaJuWi Greifswald/Wieck"]
[Date "2021.07.09"]
[Round "3.6"]
[White "Schwenck, Fabian"]
[Black "Warda, Michelangelo"]
[Result "1/2-1/2"]
[WhiteElo "1683"]
[BlackElo "1242"]
[PlyCount "97"]
[EventDate "2021.??.??"]
[WhiteTeam "SG Güstrow"]
[BlackTeam "SF Schwerin"]

1. e4 c6 2. d4 d5 3. e5 Bf5 4. Be2 e6 5. Nf3 Nd7 6. Be3 Ne7 7. Nbd2 Qc7 8. O-O
c5 9. c3 Nc6 10. Rc1 Be7 11. Nb3 c4 12. Nbd2 O-O 13. b3 b5 14. Ne1 Ba3 15. Rb1
Bxb1 16. Qxb1 Be7 17. f4 f6 18. Nef3 Bd8 19. g3 Ne7 20. h4 Nf5 21. Bf2 a6 22.
g4 Ne7 23. Kg2 f5 24. Ng5 Qc6 25. gxf5 Nxf5 26. Bg4 h6 27. Ngf3 Be7 28. Rh1
Rac8 29. b4 Rb8 30. Nf1 a5 31. a3 axb4 32. axb4 Ra8 33. Qc1 Kf7 34. Ne3 g6 35.
h5 Nxe3+ 36. Bxe3 Ke8 37. hxg6 Kd8 38. Rxh6 Kc7 39. Rh7 Bd8 40. g7 Rg8 41. Bh5
Nf8 42. Bf7 Nxh7 43. Bxg8 Qd7 44. Kf2 Bh4+ 45. Nxh4 Rxg8 46. Qa3 Rxg7 47. Qa7+
Kd8 48. Qxd7+ Kxd7 49. Kf3 1/2-1/2

[Event "LEM Nachwuchs M-V u18 vom 08.-11.07.202"]
[Site "MaJuWi Greifswald/Wieck"]
[Date "2021.07.09"]
[Round "3.7"]
[White "Engel, Roland"]
[Black "Neubert, Conrad"]
[Result "1-0"]
[WhiteElo "1083"]
[BlackElo "1649"]
[PlyCount "105"]
[EventDate "2021.??.??"]
[WhiteTeam "SSC Rostock"]
[BlackTeam "SF Schwerin"]

1. e4 c5 2. Nf3 e6 3. d4 cxd4 4. Nxd4 Nc6 5. Nc3 Qc7 6. Be3 Nf6 7. Be2 Bb4 8.
f3 d5 9. exd5 Nxd5 10. Qd2 Nxe3 11. Qxe3 Nxd4 12. Qxd4 Bxc3+ 13. Qxc3 Qxc3+ 14.
bxc3 Bd7 15. O-O-O O-O-O 16. Rhe1 Bc6 17. Bd3 Kc7 18. Re5 Rd5 19. Ree1 e5 20.
Re3 f6 21. Rde1 Rd7 22. Bf5 Rf7 23. Rd1 h5 24. h4 Rff8 25. Bd3 Rd8 26. Ree1 Kb6
27. Kb2 Kc5 28. Ka3 Bb5 29. Re4 Rd6 30. Kb2 Rhd8 31. Re3 Rd5 32. Kc1 f5 33.
Ree1 g6 34. Kb2 Bc4 35. a3 R8d6 36. Kc1 b5 37. Kb2 Kc6 38. Kc1 Kd7 39. Bxc4
bxc4 40. Rxd5 Rxd5 41. Kb2 Kd6 42. a4 Rd2 43. g3 Kd5 44. Kc1 Rg2 45. Rd1+ Ke6
46. Rd8 Rxg3 47. Ra8 Rxf3 48. Rxa7 f4 49. a5 Rxc3 50. Kb2 f3 51. Kxc3 f2 52.
Ra6+ Kf5 53. Ra8 1-0

[Event "LEM Nachwuchs M-V u18 vom 08.-11.07.202"]
[Site "MaJuWi Greifswald/Wieck"]
[Date "2021.07.10"]
[Round "4.1"]
[White "Fromm, Marius"]
[Black "Kallweit, Paul"]
[Result "1-0"]
[WhiteElo "2297"]
[BlackElo "1878"]
[PlyCount "54"]
[EventDate "2021.??.??"]
[WhiteTeam "Greifswalder SV"]
[BlackTeam "SSC Rostock 07"]

1. e4 c6 2. Nc3 d5 3. Nf3 Nf6 4. e5 Ne4 5. Ne2 Qb6 6. d4 e6 7. Ng3 c5 8. Bd3
Nxg3 9. fxg3 h6 10. O-O Nc6 11. a3 Bd7 12. Kh1 cxd4 13. b4 Be7 14. Bb2 a6 15.
Qe2 Rf8 16. Nxd4 Rc8 17. Nb3 Qc7 18. Rf2 d4 19. Re1 f6 20. exf6 Bxf6 21. Qh5+
Kd8 22. Nxd4 e5 23. Nxc6+ Qxc6 24. Bxe5 Be8 25. Qd1 Bd7 26. Be4 Qe6 27. Bxb7
Rc4 1-0

[Event "LEM Nachwuchs M-V u18 vom 08.-11.07.202"]
[Site "MaJuWi Greifswald/Wieck"]
[Date "2021.07.10"]
[Round "4.2"]
[White "Johlke, Lukas"]
[Black "Johlke, Lorenz"]
[Result "1-0"]
[WhiteElo "1608"]
[BlackElo "1673"]
[PlyCount "51"]
[EventDate "2021.??.??"]
[WhiteTeam "SG Jasmund"]
[BlackTeam "SG Jasmund"]

1. e4 e6 2. d4 d5 3. exd5 exd5 4. Bd3 Nc6 5. Nf3 Bg4 6. Be3 Bd6 7. h3 Bh5 8.
O-O Qd7 9. Nbd2 Nf6 10. Re1 O-O-O 11. a3 Rhg8 12. Qc1 g5 13. c4 g4 14. Nh4 gxh3
15. Bf5 Rxg2+ 16. Kf1 Qxf5 17. Nxf5 Bh2 18. f3 Rdg8 19. Nh4 Bxf3 20. Ndxf3 Ne4
21. Nxg2 Rxg2 22. Re2 Ng3+ 23. Ke1 Nxe2 24. Qb1 Bg3+ 25. Kd1 Ncxd4 26. Qxh7 1-0

[Event "LEM Nachwuchs M-V u18 vom 08.-11.07.202"]
[Site "MaJuWi Greifswald/Wieck"]
[Date "2021.07.10"]
[Round "4.3"]
[White "Herrmann, Jakob"]
[Black "Troyke, Jannis"]
[Result "0-1"]
[WhiteElo "1533"]
[BlackElo "1911"]
[PlyCount "86"]
[EventDate "2021.??.??"]
[WhiteTeam "SAV Torgelow"]
[BlackTeam "Greifswalder SV"]

1. e4 c5 2. Nf3 d6 3. d4 cxd4 4. Nxd4 Nf6 5. Nc3 g6 6. Be3 Bg7 7. f3 O-O 8. Bc4
Nc6 9. Qd2 Bd7 10. O-O-O Rb8 11. g4 b5 12. Bb3 Na5 13. h4 b4 14. Nd5 Nxb3+ 15.
Nxb3 Nxd5 16. Qxd5 Qc7 17. h5 Bxb2+ 18. Kxb2 Qc3+ 19. Kb1 Qxe3 20. hxg6 hxg6
21. Rd3 Qf4 22. Qd4 f6 23. Qxa7 Rfd8 24. Qf2 Kg7 25. Qg2 Rdc8 26. Nd4 Rh8 27.
Rdd1 Qe3 28. Rhg1 Kf7 29. Rd3 Qg5 30. Qf2 Qa5 31. Nb3 Qa6 32. Qd4 Rh2 33. Rd2
Rxd2 34. Qxd2 Ra8 35. Nc1 Be6 36. Qe3 Bxa2+ 37. Nxa2 Qxa2+ 38. Kc1 Ra3 39. Qe1
Qa1+ 40. Kd2 Qd4+ 41. Ke2 Qe3+ 42. Kf1 Qxf3+ 43. Qf2 Ra1# 0-1

[Event "LEM Nachwuchs M-V u18 vom 08.-11.07.202"]
[Site "MaJuWi Greifswald/Wieck"]
[Date "2021.07.10"]
[Round "4.4"]
[White "Schwenck, Fabian"]
[Black "Trams, Emma Joe"]
[Result "1-0"]
[WhiteElo "1683"]
[BlackElo "1466"]
[PlyCount "53"]
[EventDate "2021.??.??"]
[WhiteTeam "SG Güstrow"]
[BlackTeam "SG Jasmund"]

1. e4 c5 2. Nf3 Nc6 3. d4 cxd4 4. Nxd4 Qc7 5. Nc3 g6 6. Be3 Bg7 7. Qd2 d6 8.
Be2 Bd7 9. f3 e6 10. O-O-O O-O-O 11. Ncb5 Qb8 12. Nxc6 Bxc6 13. Nxd6+ Kc7 14.
Qb4 Nh6 15. Nxf7 Nxf7 16. Qe7+ Kc8 17. Qxf7 Qe5 18. c3 Rhf8 19. Qe7 Rfe8 20.
Qa3 a6 21. Bd4 Qf4+ 22. Kb1 e5 23. g3 Qh6 24. Bb6 Rxd1+ 25. Rxd1 Qxh2 26. Qd6
Qxe2 27. Qc7# 1-0

[Event "LEM Nachwuchs M-V u18 vom 08.-11.07.202"]
[Site "MaJuWi Greifswald/Wieck"]
[Date "2021.07.10"]
[Round "4.5"]
[White "Engel, Roland"]
[Black "Gazizov, Max"]
[Result "0-1"]
[WhiteElo "1083"]
[BlackElo "1689"]
[PlyCount "66"]
[EventDate "2021.??.??"]
[WhiteTeam "SSC Rostock"]
[BlackTeam "Think Rochade"]

1. e4 c5 2. Nf3 e6 3. d4 cxd4 4. Nxd4 Nc6 5. Nc3 Qc7 6. Be2 Nf6 7. Be3 Bb4 8.
Bf3 a6 9. Qd2 Ne5 10. O-O-O Nc4 11. Qd3 Nxe3 12. Qxe3 d6 13. a3 Bxc3 14. Qxc3
Qxc3 15. bxc3 Ke7 16. Rhe1 e5 17. Nf5+ Bxf5 18. exf5 Rab8 19. g4 Rhc8 20. Kb2
b5 21. Rd2 Nd7 22. Red1 Nb6 23. Rd3 Na4+ 24. Kb3 Nc5+ 25. Kb4 Nxd3+ 26. Rxd3
Rc4+ 27. Kb3 e4 28. Bxe4 Rxe4 29. Rh3 h6 30. Re3 Rxe3 31. fxe3 Kf6 32. c4 Kg5
33. h3 h5 0-1

[Event "LEM Nachwuchs M-V u18 vom 08.-11.07.202"]
[Site "MaJuWi Greifswald/Wieck"]
[Date "2021.07.10"]
[Round "4.6"]
[White "Camen, Lisette"]
[Black "Quiram, Arne"]
[Result "1/2-1/2"]
[WhiteElo "1472"]
[BlackElo "1643"]
[PlyCount "61"]
[EventDate "2021.??.??"]
[WhiteTeam "Lok Pritzwalk"]
[BlackTeam "ESV Waren"]

1. c4 Nf6 2. Nc3 g6 3. g3 Bg7 4. Bg2 d6 5. d4 O-O 6. Nf3 Nbd7 7. O-O Re8 8. e4
e5 9. d5 Nb6 10. b3 Qe7 11. Be3 a6 12. Qd2 Qf8 13. Rab1 Nfd7 14. a4 Nb8 15. a5
N6d7 16. b4 f5 17. exf5 gxf5 18. Ng5 Qe7 19. Ne6 Nf8 20. Nxg7 Qxg7 21. Bh6 Qf6
22. Qg5+ Qg6 23. Rbe1 Bd7 24. f4 e4 25. Ne2 b6 26. Nd4 c5 27. dxc6 Nxc6 28.
Nxc6 Bxc6 29. Rd1 Re6 30. Bh3 Rf6 31. axb6 1/2-1/2

[Event "LEM Nachwuchs M-V u18 vom 08.-11.07.202"]
[Site "MaJuWi Greifswald/Wieck"]
[Date "2021.07.10"]
[Round "4.7"]
[White "Warda, Michelangelo"]
[Black "Neubert, Conrad"]
[Result "1/2-1/2"]
[WhiteElo "1242"]
[BlackElo "1649"]
[PlyCount "35"]
[EventDate "2021.??.??"]
[WhiteTeam "SF Schwerin"]
[BlackTeam "SF Schwerin"]

1. c4 e6 2. d4 d5 3. Nf3 Nf6 4. Nc3 Be7 5. Bf4 dxc4 6. e3 Nd5 7. Bg3 Bb4 8. Qc2
b5 9. Be2 Bb7 10. O-O a6 11. Bh4 Be7 12. Bxe7 Qxe7 13. a4 O-O 14. axb5 Nxc3 15.
Qxc3 axb5 16. Rxa8 Bxa8 17. Qa5 Bxf3 18. Bxf3 1/2-1/2

[Event "LEM Nachwuchs M-V u18 vom 08.-11.07.202"]
[Site "MaJuWi Greifswald/Wieck"]
[Date "2021.07.10"]
[Round "5.1"]
[White "Johlke, Lukas"]
[Black "Fromm, Marius"]
[Result "0-1"]
[WhiteElo "1608"]
[BlackElo "2297"]
[PlyCount "110"]
[EventDate "2021.??.??"]
[WhiteTeam "SG Jasmund"]
[BlackTeam "Greifswalder SV"]

1. e4 c5 2. Nf3 d6 3. Bb5+ Bd7 4. Bxd7+ Qxd7 5. O-O Nf6 6. Re1 Nc6 7. c3 e6 8.
d4 cxd4 9. cxd4 d5 10. e5 Ne4 11. Nbd2 Nxd2 12. Bxd2 Bb4 13. h3 O-O 14. Bxb4
Nxb4 15. a3 Nc6 16. Qd3 h6 17. Nh2 Ne7 18. Nf1 Rfc8 19. Ne3 Rc7 20. Rac1 Rac8
21. Rxc7 Rxc7 22. f4 Qa4 23. Kh2 b5 24. b4 g6 25. h4 h5 26. Kh3 Qa6 27. Re2 Kf8
28. g3 Rc1 29. Ra2 Qb6 30. Qd2 Rc7 31. Rc2 Rxc2 32. Nxc2 Qc6 33. Ne3 Kg7 34.
Qc2 Qxc2 35. Nxc2 Nf5 36. Kg2 f6 37. Kf3 fxe5 38. fxe5 Kh7 39. Kf4 Kh6 40. g4
hxg4 41. Kxg4 a6 42. Ne1 Nxd4 43. Nd3 Nc6 44. Kf4 Kh5 45. Nc5 Kxh4 46. Nxe6 d4
47. Nc5 g5+ 48. Ke4 g4 49. Nd3 g3 50. Ne1 Kg5 51. Kf3 Nxe5+ 52. Kxg3 d3 53.
Nf3+ Kf5 54. Nxe5 Kxe5 55. Kf2 Kd4 0-1

[Event "LEM Nachwuchs M-V u18 vom 08.-11.07.202"]
[Site "MaJuWi Greifswald/Wieck"]
[Date "2021.07.10"]
[Round "5.2"]
[White "Kallweit, Paul"]
[Black "Troyke, Jannis"]
[Result "1/2-1/2"]
[WhiteElo "1878"]
[BlackElo "1911"]
[PlyCount "48"]
[EventDate "2021.??.??"]
[WhiteTeam "SSC Rostock 07"]
[BlackTeam "Greifswalder SV"]

1. d4 d5 2. Bf4 Nf6 3. e3 c5 4. c3 Nc6 5. Nd2 cxd4 6. exd4 Bf5 7. Qb3 Na5 8.
Qa4+ Bd7 9. Bb5 a6 10. Bxd7+ Nxd7 11. Qc2 e6 12. Ngf3 Be7 13. O-O O-O 14. Rae1
b5 15. a3 Rc8 16. Ne5 Nxe5 17. Bxe5 Nc4 18. Nxc4 bxc4 19. Bf4 Qd7 20. Bg3 Rc6
21. Bf4 Rb6 22. Bc1 Rfb8 23. f4 g6 24. Re2 Bf8 1/2-1/2

[Event "LEM Nachwuchs M-V u18 vom 08.-11.07.202"]
[Site "MaJuWi Greifswald/Wieck"]
[Date "2021.07.10"]
[Round "5.3"]
[White "Johlke, Lorenz"]
[Black "Schwenck, Fabian"]
[Result "0-1"]
[WhiteElo "1673"]
[BlackElo "1683"]
[PlyCount "100"]
[EventDate "2021.??.??"]
[WhiteTeam "SG Jasmund"]
[BlackTeam "SG Güstrow"]

1. e4 c5 2. f4 g6 3. Nf3 Bg7 4. Nc3 Nc6 5. d3 e6 6. h4 Nge7 7. h5 O-O 8. hxg6
fxg6 9. g4 d5 10. e5 a6 11. Qd2 Kf7 12. Rxh7 Rh8 13. Ng5+ Kf8 14. Qh2 Rxh7 15.
Qxh7 Nb4 16. Qh2 Qa5 17. Qd2 d4 18. Nce4 Nxc2+ 19. Kd1 Qxd2+ 20. Bxd2 Nxa1 21.
Nxc5 Nc6 22. Ncxe6+ Bxe6 23. Nxe6+ Kf7 24. Ng5+ Ke7 25. Kc1 Rc8 26. Kb1 Nc2 27.
Kxc2 Nxe5+ 28. Kb3 Nc6 29. Bg2 Bf6 30. Ne4 Rh8 31. Nxf6 Kxf6 32. Bxc6 bxc6 33.
Kc4 Rh2 34. Bb4 Rxb2 35. a3 Rf2 36. g5+ Ke6 37. Kxd4 Rxf4+ 38. Kc5 Rf5+ 39.
Kxc6 Rxg5 40. d4 a5 41. Bc5 Rd5 42. Bb6 a4 43. Ba7 g5 44. Bb6 g4 45. Bc7 Rxd4
46. Kb5 Kf5 47. Bg3 Rd3 48. Bc7 Rxa3 49. Kb4 Ra2 50. Bg3 Ke4 0-1

[Event "LEM Nachwuchs M-V u18 vom 08.-11.07.202"]
[Site "MaJuWi Greifswald/Wieck"]
[Date "2021.07.10"]
[Round "5.4"]
[White "Gazizov, Max"]
[Black "Herrmann, Jakob"]
[Result "1-0"]
[WhiteElo "1689"]
[BlackElo "1532"]
[PlyCount "65"]
[EventDate "2021.??.??"]
[WhiteTeam "Think Rochade"]
[BlackTeam "SAV Torgelow"]

1. d4 Nf6 2. c4 g6 3. Nc3 Bg7 4. e4 d6 5. Nf3 O-O 6. Be2 e5 7. O-O Nc6 8. d5
Ne7 9. Ne1 Nd7 10. Be3 f5 11. f3 f4 12. Bf2 g5 13. Nd3 h5 14. c5 dxc5 15. Qb3
Rf7 16. Nxc5 Nxc5 17. Bxc5 Ng6 18. d6 cxd6 19. Bc4 Nh8 20. Rfd1 Qc7 21. Bxd6
Qa5 22. Rac1 g4 23. Bxf7+ Nxf7 24. Nd5 Qd8 25. Be7 Qa5 26. Nc7 Rb8 27. Rd8+ Kh7
28. Qxf7 Qb6+ 29. Bc5 Qxb2 30. Qg8+ Kh6 31. Rd6+ Kg5 32. Qxg7+ Kh4 33. Qf6# 1-0

[Event "LEM Nachwuchs M-V u18 vom 08.-11.07.202"]
[Site "MaJuWi Greifswald/Wieck"]
[Date "2021.07.10"]
[Round "5.5"]
[White "Trams, Emma Joe"]
[Black "Camen, Lisette"]
[Result "1-0"]
[WhiteElo "1466"]
[BlackElo "1472"]
[PlyCount "119"]
[EventDate "2021.??.??"]
[WhiteTeam "SG Jasmund"]
[BlackTeam "Lok Pritzwalk"]

1. e4 c5 2. Nf3 d6 3. Bb5+ Nc6 4. d4 Bd7 5. O-O g6 6. Be3 Bg7 7. c3 cxd4 8.
Nxd4 Nf6 9. Nd2 O-O 10. Bd3 Ng4 11. Nxc6 bxc6 12. Bf4 e5 13. Bg3 d5 14. Re1 Qb6
15. Rb1 dxe4 16. Bxe4 f5 17. Bd3 f4 18. Nc4 Qc5 19. b4 Qe7 20. f3 fxg3 21. fxg4
gxh2+ 22. Kxh2 Qh4+ 23. Kg1 Bxg4 24. Qc2 Be6 25. Nxe5 Bxe5 26. Rxe5 Rf6 27.
Rbe1 Bd7 28. R5e4 Qg3 29. Qd2 Raf8 30. Bc4+ Kh8 31. Qxd7 Qf2+ 32. Kh1 Rf5 33.
Qd4+ R8f6 34. Re8+ Kg7 35. R1e7+ Kh6 36. Qxf2 Rxf2 37. Rxa7 Rc2 38. Re3 Rff2
39. Rh3+ Kg5 40. Ra5+ Kf4 41. Rxh7 Rxg2 42. Rf7+ Ke4 43. Re7+ Kf4 44. Rae5 Rgd2
45. Re2 Rxe2 46. Rxe2 Rxc3 47. Bb3 g5 48. Rc2 Rxc2 49. Bxc2 Ke5 50. Ba4 c5 51.
bxc5 Kd5 52. c6 Kd6 53. Bb5 Kc7 54. a4 Kb8 55. Kg2 Ka7 56. Kg3 Kb8 57. Kg4 Ka7
58. Kxg5 Kb8 59. Kf6 Ka7 60. Ke6 1-0

[Event "LEM Nachwuchs M-V u18 vom 08.-11.07.202"]
[Site "MaJuWi Greifswald/Wieck"]
[Date "2021.07.10"]
[Round "5.6"]
[White "Neubert, Conrad"]
[Black "Quiram, Arne"]
[Result "0-1"]
[WhiteElo "1649"]
[BlackElo "1643"]
[PlyCount "42"]
[EventDate "2021.??.??"]
[WhiteTeam "SF Schwerin"]
[BlackTeam "ESV Waren"]

1. d4 Nf6 2. Nf3 g6 3. Nbd2 Bg7 4. e4 d6 5. Bd3 O-O 6. O-O Nbd7 7. c3 Re8 8. a4
e5 9. a5 d5 10. dxe5 Nxe5 11. Nxe5 Rxe5 12. f4 Re8 13. e5 Nd7 14. Nf3 f6 15.
Bxg6 hxg6 16. Qxd5+ Kh8 17. Qd3 Nf8 18. Nd4 c5 19. f5 Bxf5 20. Rxf5 gxf5 21.
Qh3+ Kg8 0-1

[Event "LEM Nachwuchs M-V u18 vom 08.-11.07.202"]
[Site "MaJuWi Greifswald/Wieck"]
[Date "2021.07.10"]
[Round "5.7"]
[White "Warda, Michelangelo"]
[Black "Engel, Roland"]
[Result "1-0"]
[WhiteElo "1242"]
[BlackElo "1083"]
[PlyCount "55"]
[EventDate "2021.??.??"]
[WhiteTeam "SF Schwerin"]
[BlackTeam "SSC Rostock"]

1. c4 e5 2. Nc3 Nf6 3. Nf3 Nc6 4. g3 d5 5. cxd5 Nxd5 6. Bg2 Be6 7. e4 Nb6 8.
O-O Be7 9. a3 O-O 10. d3 a6 11. Be3 Qd6 12. d4 exd4 13. Nxd4 Nxd4 14. Qxd4 Qxd4
15. Bxd4 Nc4 16. Nd5 Bxd5 17. exd5 Rad8 18. Rfe1 Rfe8 19. Rac1 b5 20. b4 Nb6
21. Rxc7 Nxd5 22. Bxd5 Kf8 23. Bc6 Rc8 24. Rxc8 Rxc8 25. Bb7 Rd8 26. Be3 a5 27.
Bc6 Rd3 28. Bc5 1-0